00659nam a2200193Ia 4500952013300000999001700133003000400150005001700154008004100171020001800212040000900230082002200239100002800261245005600289260004900345300000900394650001200403942005000415 00102ddc40708LITaMESbMEScENGd2019-02-20g395.00l0o820.809287 SOU/Wp36631r2019-02-20 00:00:00w2019-02-20yBKzGR15R2 c14551d14551OSt20201020110956.0190216s9999||||xx |||||||||||||| ||und|| a9780195667851 coclc a820.809287bSOU/W aSouza, Eunice De 95403 0aWomen's Voices /cEunice De Souza ; Lindsay Pereira bOxford University Press ,c2008.aNew Delhi: a451p aEnglish cBK2ddch820.809287iSOU/Wk820.809287mSOU/W